LEADER 02975oam 2200529I 450 001 9910154593203321 005 20230808200607.0 010 $a1-315-66286-8 010 $a1-317-34438-3 024 7 $a10.4324/9781315662862 035 $a(CKB)3710000000964577 035 $a(MiAaPQ)EBC4758187 035 $a(OCoLC)965444424 035 $a(BIP)63779398 035 $a(BIP)24108217 035 $a(EXLCZ)993710000000964577 100 $a20180706e20162010 uy 0 101 0 $aeng 135 $aurcnu|||||||| 181 $2rdacontent 182 $2rdamedia 183 $2rdacarrier 200 10$aRethinking California $epolitics and policy in the golden state /$fMatthew Alan Cahn, H. Eric Schockman, David M. Shafie 205 $aSecond edition. 210 1$aLondon :$cRoutledge,$d2016. 215 $a1 online resource (257 pages) $cillustrations, maps 300 $aFirst published 2010, 2001 by Pearson Education, Inc. 311 08$a0-13-184292-7 311 08$a1-317-34439-1 327 $ach. 1. The three states of California : an introduction -- ch. 2. California's political history -- ch. 3. Political culture and politics in postwar California -- ch. 4. People, diversity, and culture -- ch. 5. California's political economy -- ch. 6. California's constitution and constitutional officers -- ch. 7. California's legislature -- ch. 8. California justice -- ch. 9. Intergovernmental relations -- ch. 10. The policy game -- ch. 11. Non-institutional players : the media, political parties, and interest groups -- ch. 12. The electorate as players : elections and political participation -- ch. 13. Education policy -- ch. 14. Environmental and energy policy -- ch. 15. Immigration policy -- ch. 16. Civil rights policy -- ch. 17. Rethinking California. 330 $aThis book explores the state of California -- viewing the state as a holistic political culture that reflects the influence of multiple cultures, ethnic groups, and communities of interest. It starts with a broad historical foundation, and travels through cultural analyses and institutional discussions. The evaluation of specific policy issues affecting the state is an important stop along the way, and the crossroads that bring together the variety of analytic paths.   This book is suited for individuals interested in California policy work, and gaining a better understanding of that state's unique political culture. 606 $aPolitical planning$zCalifornia 606 $aPolitical culture$zCalifornia 607 $aCalifornia$xPolitics and government 615 0$aPolitical planning 615 0$aPolitical culture 676 $a320.9794 700 $aCahn$b Matthew Alan$f1961-,$0905796 701 $aSchockman$b H. Eric$0905797 701 $aShafie$b David M$0905798 801 0$bMiAaPQ 801 1$bMiAaPQ 801 2$bMiAaPQ 906 $aBOOK 912 $a9910154593203321 996 $aRethinking California$92025996 997 $aUNINA